Medical Nexus Magazine: A Compendium of common diseases in Nigeria (Record no. 43640)
[ view plain ]
| 003 - CONTROL NUMBER IDENTIFIER | |
|---|---|
| control field | 00493nam a2200169Ia 4500 |
| 005 - DATE AND TIME OF LATEST TRANSACTION | |
| control field | 20250909113347.0 |
| 040 ## - CATALOGING SOURCE | |
| Description conventions | rda |
| 050 ## - LIBRARY OF CONGRESS CALL NUMBER | |
| Classification number | RB111 .M83 |
| 245 ## - TITLE STATEMENT | |
| Title | Medical Nexus Magazine: A Compendium of common diseases in Nigeria |
| 260 ## - PUBLICATION, DISTRIBUTION, ETC. (IMPRINT) | |
| Place of publication, distribution, etc | Abuja |
| Name of publisher, distributor, etc | NUMSA |
| Date of publication, distribution, etc | 2024 |
| 264 ## - PUBLICATION, DISTRIBUTION, ETC. (IMPRINT) | |
| Place of publication, distribution, etc | Abuja |
| Name of publisher, distributor, etc | NUMSA |
| Date of publication, distribution, etc | 2024 |
| 300 ## - PHYSICAL DESCRIPTION | |
| Other physical details | 116p. ; ill: |
| 336 ## - CONTENT TYPE | |
| Source | rdacontent |
| Materials specified | Text |
| 337 ## - MEDIA TYPE | |
| Source | Text |
| 338 ## - CARRIER TYPE | |
| Source | rdacarrier |
| 942 ## - ADDED ENTRY ELEMENTS (KOHA) | |
| Source of classification or shelving scheme | Library of Congress Classification |
| Koha item type | Serials |
No items available.